|
|
|
|
| LEADER |
01913nam a2200505 4500 |
| 001 |
000010921 |
| 005 |
20250116121605.0 |
| 008 |
150522s1785 xr e ger |
| FMT |
|
|
|
| 040 |
|
|
|a SVKKK
|b slo
|c SVKKK
|e AACR2
|
| 041 |
0 |
|
|a ger
|
| 044 |
|
|
|a xr
|c CZ
|
| 080 |
|
|
|a 636.03
|
| 080 |
|
|
|a 636.39
|
| 080 |
|
|
|a 636.4
|
| 080 |
|
|
|a 636.7
|
| 080 |
|
|
|a 636.8
|
| 100 |
1 |
|
|a Buffon, Georges Louis Leclerc
|c comte de
|d 1707-1788
|4 aut
|
| 245 |
0 |
0 |
|a Naturgeschichte der vierfüßigen Thiere, Zweiter Band
|b Herrn von Buffons Naturgeschichte der vierfüßigen Thiere. Zweiter Band. Mit k. k. Hofcensurfreiheit.
|
| 260 |
|
|
|a Troppau,
|b gedruckt bei Joseph Georg Traßler, und im Verlage der Kompagnie.
|c 1785.
|
| 300 |
|
|
|a 331,[3] s. A/8-U/8,X/7 [=167] list.
|
| 300 |
|
|
|c 8°. 16,5x9,5 cm
|
| 500 |
|
|
|a Linka ozdobná, linky, inic. vo voľ. priestore na 2 r., kustódy, tlač. pozn. pod textom v nem., lat. jaz.
|
| 510 |
4 |
|
|a NKP; MZK; VKOL; ÖNB
|
| 561 |
|
|
|a Peč: Štátna vedecká knižnica v Košiciach; M. Kir. áll szlov. tannyelvű gimn. tanári könyvtár Uh. kr. št. gymn. s vyuč. jaz. slov. Prof. knižnica Kassa. Rkp.: E Libris Michaelis Duliskovics Parochi Bhazansis 1848
|
| 563 |
|
|
|a Brožovaná, sivý papier
|
| 653 |
1 |
|
|a prírodné vedy
|
| 653 |
1 |
|
|a zoológia
|
| 653 |
1 |
|
|a hospodárske zvieratá
|
| 653 |
1 |
|
|a kozy
|
| 653 |
1 |
|
|a ošípané
|
| 653 |
1 |
|
|a domáce zvieratá
|
| 653 |
1 |
|
|a psy
|
| 653 |
1 |
|
|a mačky
|
| 700 |
1 |
|
|a Duliskovics, Mihály
|d 1813-1873
|4 sgn
|
| 710 |
0 |
|
|a Trassler, Josef Jiří,
|c Opava,
|d 1781-1816
|4 prt
|
| 710 |
0 |
|
|a Kompagnie,
|c Opava
|4 pbl
|
| 710 |
0 |
|
|a knižnice - Profesorská knižnica uhorského štátneho gymnázia s vyučovacím jazykom slovenským,
|c Košice
|4 sgn
|
| 752 |
|
|
|a Česko
|d Opava
|
| 852 |
|
|
|p I.102784
|
| 904 |
|
|
|a f---y----ba------yyyb-1001--
|
| 905 |
|
|
|a bfga0bb-
|
| 910 |
|
|
|a svkkk
|
| 998 |
|
|
|a BOHEM
|
| BAS |
|
|
|